000 00527nam a2200169 i 4500
001 81594
003 ES-MaACL
005 20230906174453.0
007 t|
008 041105s1960 sp ||||1| spa d
100 1 _aHutchinson, Eric.
_964835
245 1 0 _aQuímica
_b: los elementos y sus reacciones /
_cEric Hutchinson ; versión española por José Beltrán.
260 _aBarcelona :
_bReverté,
_c1960.
300 _a820 p. :
_bil. ;
_c22 cm.
700 1 _aBeltrán, José.
_927340
852 _aES-MaACL
_jC-18871
_bR.46929
999 _c81594
_d81594